Ovlivňuje monetární politika ekonomickou aktivitu nebo by měla být pouze následkem daného ekonomického vývoje? Spor ekonomické teorie o endogenitě a exogenitě peněz
Guardado en:
| Autor principal: | |
|---|---|
| Otros Autores: | |
| Formato: | Capítulo de libro |
| Lenguaje: | checo |
| Etiquetas: |
Sin Etiquetas, Sea el primero en etiquetar este registro!
|
MARC
| LEADER | 00000naa$a2200000$$$4500 | ||
|---|---|---|---|
| 001 | 0149397 | ||
| 005 | 20220725091703.4 | ||
| 041 | 0 | |a cze | |
| 044 | |a CZ | ||
| 245 | 1 | 0 | |a Ovlivňuje monetární politika ekonomickou aktivitu nebo by měla být pouze následkem daného ekonomického vývoje? Spor ekonomické teorie o endogenitě a exogenitě peněz |c Iva Nedomlelová, Marek Skála |
| 100 | 1 | |a Nedomlelová, Iva | |
| 700 | 1 | |a Skála, Marek | |